000 00482nam a2200169Ia 4500
005 20250508163009.0
008 008 250505s9999 xx 000 0 eng d
037 _aReference
040 _aFEDL
_beng
_cFEDL
041 _aeng
_2eng
084 _a423, OXF
_qFEDL
245 0 _aOxford dictionary of current idiomatic english Vol. 2
260 _aLondon, UK
_bOxford University Press
_c1983
300 _a685p.
942 _cREF
_h423, OXF
999 _c1380015
_d1380015